Movies Quiz

Random Movies or Actor Quiz

Last 10 Years: George Clooney Quiz Stats

 Plays Quiz not verified by Sporcle

Also try: Movie by Robot
Challenge
Share
Tweet
Score 0/16 Timer 13:00
0 Plays Today
% Correct
Gravity
93.1%
Fantastic Mr. Fox
90.8%
The Descendants
85.1%
Hail, Caesar!
81.6%
Michael Clayton
80.5%
The Monuments Men
78.2%
The Men Who Stare at Goats
78.2%
Up in the Air
75.9%
% Correct
The Ides of March
72.4%
Leatherheads
72.4%
Ocean's 13
65.5%
Burn After Reading
64.4%
Money Monster
59.8%
The American
58.6%
Tomorrowland
49.4%
A Very Murray Christmas
36.8%

You're not logged in!

Compare scores with friends on all Sporcle quizzes.
OR
Log In

You Might Also Like...

Show Comments

Extras

Top Quizzes Today


Score Distribution

Your Account Isn't Verified!

In order to create a playlist on Sporcle, you need to verify the email address you used during registration. Go to your Sporcle Settings to finish the process.

Report this User

Report this user for behavior that violates our Community Guidelines.

Details: